Best Actress Winners Playing Real People 2000s - Statistics

General Stats
  • This quiz has been taken 48 times
  • The average score is 15 of 24
Answer Stats
Year Movie Title Actress % Correct
2001 Erin Brockovich Julia Roberts
93%
2012 The Iron Lady Meryl Streep
89%
2001 Erin Brockovich Erin Brockovich
86%
2010 The Blind Side Sandra Bullock
82%
2012 The Iron Lady Margaret Thatcher
80%
2007 The Queen Helen Mirren
77%
2006 Walk the Line Reese Witherspoon
77%
2004 Monster Charlize Theron
75%
2000 Boys Don't Cry Hillary Swank
75%
2007 The Queen Queen Elizabeth II
75%
2006 Walk the Line June Carter Cash
73%
2003 The Hours Nicole Kidman
73%
2019 The Favourite Olivia Colman
73%
2020 Judy Renée Zellweger
73%
2020 Judy Judy Garland
66%
2022 The Eyes of Tammy Faye Jessica Chastain
64%
2008 La Vie en Rose Marion Cotillard
61%
2008 La Vie en Rose Édith Piaf
52%
2003 The Hours Virginia Woolf
48%
2019 The Favourite Queen Anne
39%
2004 Monster Aileen Wuornos
30%
2022 The Eyes of Tammy Faye Tammy Faye Baker
25%
2000 Boys Don't Cry Brandon Teena
18%
2010 The Blind Side Leigh Anne Tuohy
18%
No matching quizzes found
Score Distribution
Percent of People with Each Score
Percentile by Number Answered
Your Score History
You have not taken this quiz